Histoire des mathematiques: pour nos classes

Збережено в:
Бібліографічні деталі
Формат: Книга
Мова:Французька
Опубліковано: Estrasburgo IREM 1991
Предмети:
Теги: Додати тег
Немає тегів, Будьте першим, хто поставить тег для цього запису!

MARC

LEADER 00000nam a2200000 a 4500
001 UCW1767
003 CL-VaPUC
008 930714e19910000FR |||||||||||||||||fre|d
082 0 4 |a 510.9  |b HIS  |2 21 
245 1 0 |a Histoire des mathematiques: pour nos classes 
300 |a 94 p 
942 |c BK 
945 |d 19930714 00:00:00 
260 |a Estrasburgo  |b IREM  |c 1991 
650 0 |a Historia de las matemáticas   |9 265664 
583 |a last modification  |c 20140821 04:35:38  |k Rodrigo Vera 
999 |c 216593  |d 216591 
952 |0 0  |1 0  |4 0  |6 510_900000000000000_HIS_1991  |7 0  |8 A  |9 202445  |a BIBMAT  |b BIBMAT  |d 2019-11-14  |i 2695421  |o 510.9 HIS 1991  |p 2695421  |r 2025-01-07  |w 2019-11-14  |y BK  |k MAT